| 000 | 00861nam a2200241 i 4500 | ||
|---|---|---|---|
| 001 | 107867 | ||
| 003 | ES-MaACL | ||
| 005 | 20250902063102.0 | ||
| 007 | t| | ||
| 008 | 061121s1967 sp r ||||1| spa d | ||
| 100 | 1 |
_aMounier, Emmanuel, _d1905-1950 _983875 |
|
| 245 | 1 | 3 |
_aEl compromiso de la acción / _cEmmanuel Mounier ; selección, traducción, introducción y notas de Julián Blas de la Rosa, Juan Luis Pintos. |
| 260 |
_aMadrid : _bZYX, _c1967. |
||
| 300 |
_a182 p. ; _c21 cm. |
||
| 490 | 1 |
_aBiblioteca "Promoción del Pueblo" ; _v15 |
|
| 650 | 0 | 7 |
_aPersonalismo _2embne _915975 |
| 650 | 0 | 4 |
_aComunitarismo. _911235 |
| 700 | 1 |
_aBlas de la Rosa, Julián. _929350 |
|
| 700 | 1 |
_aPintos, Juan-Luis. _992240 |
|
| 830 | 0 |
_aBiblioteca "Promoción del Pueblo" ; _v15 _9180624 |
|
| 852 |
_aES-MaACL _jC-33288 _bR.63391 |
||
| 999 |
_c107867 _d107867 |
||